3 kérdés M. Kecskés András- pantomim- művészhez
Elmentve itt :
| Szerző: | |
|---|---|
| Dokumentumtípus: | Cikk |
| Megjelent: |
1983-10-22
|
| Sorozat: | Délmagyarország
73 No. 250 |
| Kulcsszavak: | Kecskés András |
| Online Access: | http://dmarchiv.bibl.u-szeged.hu/95671 |
| LEADER | 00469nab a2200157 i 4500 | ||
|---|---|---|---|
| 001 | delm95671 | ||
| 005 | 20190626094301.0 | ||
| 008 | 190626s1983 hu o 0|| hun d | ||
| 040 | |a SZTE Délmagyarország Archívum |b hun | ||
| 041 | |a hun | ||
| 100 | 1 | |a Tandi Lajos | |
| 245 | 1 | 0 | |a 3 kérdés M. Kecskés András- pantomim- művészhez |h [elektronikus dokumentum] / |c Tandi Lajos |
| 260 | |c 1983-10-22 | ||
| 300 | |a 4 | ||
| 490 | 0 | |a Délmagyarország |v 73 No. 250 | |
| 695 | |a Kecskés András | ||